[Event "93rd ARG-ch 2018"]
[Site "Laprida"]
[Date "2018.07.17"]
[Round "1"]
[White "Peralta, Fernando"]
[Black "Slipak, Sergio"]
[Result "1/2-1/2"]
[WhiteElo "2563"]
[BlackElo "2411"]
[Annotator "TA"]
[PlyCount "128"]
[EventDate "2018.07.17"]
[EventType "tourn"]
[EventCountry "ARG"]
[SourceTitle "playchess.com"]
[Source "ChessBase"]
[SourceQuality "1"]

{[%evp 14,128,30,27,27,29,33,37,30,27,14,21,23,16,28,14,11,16,7,0,0,-5,4,11,16,0,28,5,26,0,60,47,56,43,43,25,44,57,55,54,48,29,29,31,27,26,33,31,22,29,30,16,16,18,18,18,21,14,26,35,20,0,20,0,35,8,8,8,8,8,83,0,41,8,8,8,24,22,31,50,77,83,180,177,454,417,279,8,8,8,68,8,104,8,8,8,8,8,8,0,8,0,27,0,0,0,0,0,0,0,0,0,0,0,0,0,73]} 1. d4 e6 2. c4 Bb4+ 3. Bd2 Bxd2+ 4. Qxd2 Nf6 5. Nc3 (5. g3 O-O 6. Bg2 d5 7. Nf3 Nbd7 8. O-O c6 9. Ne5 Nxe5 10. dxe5 Nd7 11. f4 Qe7 12. cxd5 exd5 13. Nc3 f6 14. e6 Qxe6 15. e4 dxe4 16. Nxe4 {½-½ (28) Goganov,A (2571)-Popov,I (2609) Antalya 2017}) 5... d5 6. e3 {A40: Verschiedene (seltene) Antworten auf 1.d4} O-O 7. cxd5 exd5 8. Bd3 {LiveBook: 13 Partien. Weiß hat minimalen Vorteil.} b6 9. Nge2 c5 10. O-O Bb7 11. Nf4 $146 ({Vorgänger:} 11. Rad1 Nbd7 12. Nf4 Qe7 {0-1 (50) Hua,L (2333)-Grabinsky,A (2372) Saint Louis 2017}) 11... cxd4 12. exd4 Nc6 13. f3 Qd6 14. Bb5 Na5 15. b3 Rac8 {Droht stark ...Txc3!} 16. Nce2 Rc7 17. Rac1 Rfc8 18. Rxc7 Rxc7 19. g4 Bc6 20. Bd3 g6 21. Rc1 Bb7 ({Besser ist} 21... Ne8 $11) 22. Rxc7 $14 Qxc7 23. Qe3 Kf8 24. Kf2 Nc6 25. Bb5 Qd6 26. Bxc6 Bxc6 27. Qe5 Qxe5 28. dxe5 $11 {[%mdl 4096] Endspiel KLS-KSS} Nd7 29. e6 fxe6 30. Nxe6+ Ke7 31. N6d4 Ne5 32. Ke3 Kd6 33. h3 g5 34. f4 gxf4+ 35. Kxf4 Nd3+ 36. Ke3 Ne5 37. Kf4 {Droht Sf5+ und aus.} Nd3+ 38. Ke3 (38. Kg3 {is more complex.} Be8 39. h4 Kc5 40. Ne6+ Kd6 41. Ng5) 38... Ne5 39. Nxc6 (39. Nf5+ {seems wilder.} Ke6 40. Nf4+ Kf6 41. Nd4 Bb7 42. Kf2) 39... Kxc6 $14 {KS-KS} 40. Nd4+ Kc5 41. Ne6+ Kd6 (41... Kb4 $1 $11) 42. Nd4 Kc5 43. a3 a5 44. Ne6+ Kd6 45. Ng5 h6 46. Nf3 {Schwarz muss nun Sxe5 beachten.} Nd7 47. Kf4 Kc5 (47... Ke6 $16) 48. h4 $1 $18 a4 $2 (48... d4 {ist eine bessere Verteidigung.} 49. Ke4 Nf6+ 50. Kf5 Ng8) 49. bxa4 Kc4 {[#]} 50. g5 $2 (50. Kf5 $1 $18) 50... hxg5+ $11 51. Kxg5 {Und Kg6 würde nun gewinnen.} d4 $1 52. h5 ({Günstiger ist} 52. Kf5 $1 $14 Kd3 53. h5) 52... Nf8 {[#]} (52... d3 $1 $11 {hält das Gleichgewicht.}) 53. h6 (53. Kf4 $1 $16) 53... d3 $1 54. Kf6 {Kf7 ist eine echte Drohung.} Kb3 ({Vergiftet wäre} 54... Kc3 $2 55. Kg7 $18) 55. Kg7 Ne6+ 56. Kf6 Nf8 57. Kg7 Ne6+ 58. Kf7 Ng5+ $1 {Die Stellung ist ausgeglichen.} 59. Nxg5 {KS-KBB} d2 60. h7 d1=Q 61. h8=Q Qd7+ $1 62. Kg6 Qd3+ 63. Kh5 Qd1+ 64. Kh4 Kxa3 {Precision: Weiß = 46%, Schwarz = 52%.} (64... Qe1+ $11 65. Kg4 Qg1+ 66. Kf5 Qc5+ 67. Ke6 Qxg5) 1/2-1/2

[Event "93rd ARG-ch 2018"]
[Site "Laprida"]
[Date "2018.07.17"]
[Round "1"]
[White "Villanueva, Mario Nicolas"]
[Black "Pichot, Alan"]
[Result "1-0"]
[WhiteElo "2481"]
[BlackElo "2564"]
[Annotator "TA"]
[PlyCount "99"]
[EventDate "2018.07.17"]
[EventType "tourn"]
[EventCountry "ARG"]
[SourceTitle "playchess.com"]
[Source "ChessBase"]
[SourceQuality "1"]

{[%evp 32,99,0,0,0,0,0,0,0,0,0,0,0,0,0,0,0,0,0,0,0,0,0,0,0,-36,345,347,348,356,346,340,346,318,327,279,387,387,402,396,397,0,0,0,387,387,369,369,382,309,289,311,305,292,333,298,427,399,460,447,505,487,671,670,701,688,758,746,731,728]} 1. e4 e5 2. Nf3 Nc6 3. Bb5 a6 4. Ba4 Nf6 5. O-O Be7 6. Re1 b5 7. Bb3 O-O 8. c3 d5 9. exd5 Nxd5 10. Nxe5 Nxe5 11. Rxe5 c6 12. d4 Bd6 13. Re1 Qh4 14. g3 Qh3 15. Qf3 Bg4 16. Qg2 Qh5 17. Be3 {LiveBook: 13 Games. C89: Closed Ruy Lopez: Marshall Attack} a5 {[%cal Ba6a5,Ba5a4,Ba4a3][%mdl 32]} 18. Nd2 a4 $1 {[%cal Ra4b3]} 19. Bxd5 {The position is equal.} cxd5 20. Bf4 Bh3 21. Qf3 Qxf3 $1 22. Nxf3 Bxf4 23. gxf4 a3 24. b4 $146 ({Predecessor:} 24. b3 Ra6 25. Ne5 Rc8 26. Re3 {½-½ (26) Vasilev,V (2485)-Busemann,S (2595) ICCF email 2016}) 24... Ra6 {And now ...Rg6+ would win.} 25. Ne5 Rc8 26. Re3 $36 {[%mdl 2048] White has some pressure.} Bf5 27. Rc1 Rh6 28. f3 Rh4 $2 {[%mdl 8192] [#]} (28... f6 $15 {stays ahead.} 29. Nd3 Bxd3 30. Rxd3 Re8) 29. Nc6 $1 $18 {[%cal Rc6e7][%mdl 512]} Rxf4 {intending ...Kf8.} (29... Rxc6 30. Re8#) 30. Ne7+ Kf8 31. Nxc8 Bxc8 {[%mdl 4096] Endgame KRR-KRB} 32. Rce1 {[%csl Ge1][%cal Re3e8]} Be6 33. Rb1 Rf6 34. Rb3 Rg6+ 35. Kf2 Rh6 36. Kg3 $2 (36. Kg2 $18) 36... Rg6+ $11 37. Kf2 $2 {[%mdl 8192]} (37. Kf4 $11 Rf6+ 38. Kg3) 37... Rh6 $18 38. Kg2 Rg6+ 39. Kf1 Rh6 40. Re2 Bh3+ 41. Ke1 Ra6 42. Re3 g5 {[#]} 43. f4 $1 {[%cal Bf3f4,Bf4g5][%mdl 32]} Bf5 (43... g4 $142 44. Kf2 f6) (43... gxf4 44. Rxh3) 44. fxg5 Bc2 45. c4 $1 {[%cal Bc3c4,Bc4b5][%mdl 32] White is clearly winning.} Bxb3 46. cxb5 Ra4 47. Rxb3 Ke7 48. Kd2 Kd7 49. Kc2 Kd6 50. Rb1 {Precision: White = 87%, Black = 56%.} 1-0

[Event "93rd ARG-ch 2018"]
[Site "Laprida"]
[Date "2018.07.17"]
[Round "1"]
[White "Sosa, Tomas"]
[Black "Paveto, Kevin"]
[Result "1/2-1/2"]
[WhiteElo "2467"]
[BlackElo "2416"]
[Annotator "TA"]
[PlyCount "88"]
[EventDate "2018.07.17"]
[EventType "tourn"]
[EventCountry "ARG"]
[SourceTitle "playchess.com"]
[Source "ChessBase"]
[SourceQuality "1"]

{[%evp 25,88,0,10,0,11,-9,15,5,10,0,0,0,0,0,0,-11,0,-22,0,0,0,0,137,61,168,0,0,0,122,0,0,0,0,0,0,0,6,0,0,0,0,0,0,0,0,0,12,0,0,0,0,0,0,0,0,0,0,0,0,0,0,0,0,0,0]} 1. Nf3 Nf6 2. c4 g6 3. Nc3 d5 4. cxd5 Nxd5 5. e4 Nxc3 6. dxc3 Qxd1+ 7. Kxd1 Nd7 8. Bf4 c6 9. Kc2 f6 {A16: English Opening: 1...Nf6 with ...d5} 10. Nd2 e5 11. Be3 Bc5 12. Bxc5 (12. Nc4 Bxe3 13. Nxe3 Nc5 14. f3 a5 15. Be2 Ke7 16. Rhd1 b5 17. b3 {½-½ (46) Alekseev,E (2616)-Navara,D (2740) Katowice 2017}) 12... Nxc5 13. b4 Ne6 {LiveBook: 6 Games} 14. Nc4 Ke7 15. Na5 Rd8 16. h4 $146 ({Predecessor:} 16. Bc4) 16... h5 17. Bc4 Rb8 18. Rhd1 Rxd1 19. Rxd1 Nc7 20. Rd3 f5 21. f3 fxe4 22. fxe4 Bg4 23. Bb3 Kf6 {[#]} (23... Nb5 $11) 24. Nc4 (24. Rd2 $1 $16) 24... Be2 (24... Ne8 $1 $14) 25. Rg3 $2 ({Better is} 25. Rd6+ $18 Ne6 26. Nxe5 Kxe5 27. Rxe6+ Kf4 28. Rxg6) 25... Bxc4 26. Bxc4 $11 {[%mdl 4096] Endgame Threatens to win with Rf3+. KRB-KRN} Ne8 (26... Rf8 $1 $11 {keeps the balance.}) 27. Kd3 ({White must play} 27. Rf3+ $16 Kg7 28. Rf7+ Kh6 29. Rf8) 27... Nd6 {The position is equal.} 28. Bb3 Rd8 {[#] White must now prevent ...Nf5+.} 29. Ke3 Rd7 30. Rf3+ Kg7 31. Rf2 Nb5 32. Rd2 Rxd2 33. Kxd2 {KB-KN} Kf6 34. Kd3 Nd6 35. c4 Ke7 36. a4 b6 37. c5 bxc5 38. bxc5 Ne8 39. a5 Nc7 40. Ba4 Kd7 41. Bb3 Ke7 42. Ba4 Na6 43. Kc4 Kd7 44. Bb3 Nc7 {Precision: White = 43%, Black = 58%.} 1/2-1/2

[Event "93rd ARG-ch 2018"]
[Site "Laprida"]
[Date "2018.07.17"]
[Round "1"]
[White "Acosta, Pablo Ismael"]
[Black "Perez Ponsa, Federico"]
[Result "1/2-1/2"]
[WhiteElo "2432"]
[BlackElo "2547"]
[Annotator "ChessBase"]
[PlyCount "54"]
[EventDate "2018.07.17"]
[EventType "tourn"]
[EventCountry "ARG"]
[SourceTitle "playchess.com"]
[Source "ChessBase"]
[SourceQuality "1"]
[TimeControl "40/5400+30:1800+30"]

1. d4 Nf6 2. Nf3 g6 3. e3 Bg7 4. Be2 O-O 5. O-O d6 6. b3 c5 7. Bb2 cxd4 8. Nxd4 d5 9. c4 dxc4 10. Bxc4 Bd7 11. Nd2 Nc6 12. Nxc6 Bxc6 13. b4 b5 14. Be2 Qd6 15. Nb3 Qxb4 16. Rc1 Rfd8 17. Qe1 Qxe1 18. Rfxe1 Be8 19. Bf3 Rac8 20. Bd4 a6 21. Bb6 Rxc1 22. Rxc1 Rd6 23. Bc5 Rd7 24. Bd4 Rd8 25. Bb6 Rd6 26. Bc5 Rd7 27. Bd4 Rd8 1/2-1/2

[Event "93rd ARG-ch 2018"]
[Site "Laprida"]
[Date "2018.07.17"]
[Round "1"]
[White "Pierrot, Facundo"]
[Black "Lorenzini, Martin"]
[Result "1/2-1/2"]
[WhiteElo "2389"]
[BlackElo "2423"]
[Annotator "TA"]
[PlyCount "64"]
[EventDate "2018.07.17"]
[EventType "tourn"]
[EventCountry "ARG"]
[SourceTitle "playchess.com"]
[Source "ChessBase"]
[SourceQuality "1"]

{[%evp 22,64,28,29,34,17,33,28,35,31,37,27,52,50,47,54,59,56,51,41,36,33,50,50,49,41,42,35,33,39,41,9,16,14,18,18,20,0,18,0,0,0,6,0,4]} 1. e4 d6 2. d4 Nf6 3. Nc3 e5 4. Nf3 Nbd7 5. Bc4 Be7 6. O-O O-O 7. Re1 c6 8. a4 exd4 {C41: Philidor Defence} (8... b6 9. h3 a6 10. Ba2 Rb8 11. Be3 b5 12. axb5 axb5 13. b4 Bb7 14. Bb3 exd4 15. Nxd4 d5 16. exd5 Bxb4 17. Bd2 cxd5 18. Ncxb5 Bxd2 19. Qxd2 {½-½ (30) Kryvoruchko,Y (2705)-Laznicka,V (2671) Brest 2018}) 9. Nxd4 Ne5 10. Ba2 Re8 11. h3 Bd7 12. Be3 {LiveBook: 9 Games} Bf8 13. Nf3 $146 ({Predecessor:} 13. Qd2 Ng6 14. f3 h6 15. Qf2 Nh5 16. Nde2 {1-0 (65) Solozhenkin,E (2443)-Galdunts,S (2430) Hersonissos 2017}) 13... h6 14. Nxe5 dxe5 15. Qf3 Bb4 16. Red1 Qe7 17. Ne2 Red8 18. Ng3 Bc5 19. Bxc5 Qxc5 20. Nh5 Qe7 21. Nxf6+ Qxf6 22. Qxf6 gxf6 23. Rd3 Be8 24. Rad1 Rxd3 25. Rxd3 $14 {[%mdl 4096] Endgame KRB-KRB} Kf8 26. f3 a5 {The position is equal.} 27. Kf2 b5 28. axb5 cxb5 29. c3 Ke7 30. Ke3 Rc8 31. Bd5 Rc7 32. g4 Bd7 {Precision: White = 58%, Black = 75%.} 1/2-1/2

[Event "93rd ARG-ch 2018"]
[Site "Laprida"]
[Date "2018.07.17"]
[Round "1"]
[White "Benedetti, Julio"]
[Black "Lujan, Carolina"]
[Result "1-0"]
[WhiteElo "2364"]
[BlackElo "2329"]
[Annotator "NA"]
[PlyCount "83"]
[EventDate "2018.07.17"]
[EventType "tourn"]
[EventCountry "ARG"]
[SourceTitle "playchess.com"]
[Source "ChessBase"]
[SourceQuality "1"]
[TimeControl "40/5400+30:1800+30"]

1. e4 c5 2. Nf3 Nc6 3. d4 cxd4 4. Nxd4 e5 5. Nb5 d6 6. N1c3 a6 7. Na3 Be6 8. Nc4 Rb8 9. Ne3 Nf6 10. g3 h5 11. Bg2 h4 12. O-O g6 13. Ncd5 Bg7 14. c3 Ne7 15. Qa4+ Bd7 16. Nxf6+ Bxf6 17. Qa3 Be6 18. Rd1 hxg3 19. hxg3 Nc8 20. c4 Qc7 21. Bd2 O-O 22. Rac1 Bd8 23. c5 dxc5 24. Rxc5 Qe7 25. Bb4 a5 26. Rxa5 Qf6 27. Rxe5 Qxe5 28. Bxf8 Bf6 29. Rd2 Qh5 30. Bc5 b6 31. Bb4 Qg5 32. Nd5 Bg7 33. f4 Qh5 34. e5 b5 35. Ne3 Kh7 36. Kf2 Bh6 37. Rd1 Bc4 38. Re1 g5 39. Be4+ Kh8 40. Nxc4 gxf4 41. Rh1 Qg5 42. Bd2 1-0

[Event "93rd ARG-ch 2018"]
[Site "Laprida"]
[Date "2018.07.17"]
[Round "1"]
[White "Gomez, Carlos David"]
[Black "Real de Azua, Ernesto"]
[Result "0-1"]
[WhiteElo "2356"]
[BlackElo "2496"]
[Annotator "ChessBase"]
[PlyCount "72"]
[EventDate "2018.07.17"]
[EventType "tourn"]
[EventCountry "ARG"]
[SourceTitle "playchess.com"]
[Source "ChessBase"]
[SourceQuality "1"]
[TimeControl "40/5400+30:1800+30"]

1. e4 c6 2. d4 d5 3. Nd2 dxe4 4. Nxe4 Bf5 5. Ng3 Bg6 6. Nh3 e6 7. Bc4 Bd6 8. O-O Nd7 9. c3 Qc7 10. Qf3 Ngf6 11. Nf4 O-O-O 12. a4 Nb6 13. Bb3 Nbd5 14. Nxg6 hxg6 15. h3 Nf4 16. Bxf4 Bxf4 17. Ne4 g5 18. Rfe1 Rh6 19. Bc4 Rdh8 20. Bf1 g4 21. Qd1 gxh3 22. g3 Rg6 23. Qf3 Nxe4 24. Rxe4 Bxg3 25. Kh1 Bd6 26. b4 f5 27. Ree1 Qe7 28. Ba6 bxa6 29. Qxc6+ Kb8 30. d5 h2 31. f4 Qc7 32. Qxc7+ Kxc7 33. dxe6 Re8 34. e7 Rxe7 35. Rxe7+ Bxe7 36. b5 Rg1+ 0-1

[Event "93rd ARG-ch 2018"]
[Site "Laprida"]
[Date "2018.07.18"]
[Round "2"]
[White "Pichot, Alan"]
[Black "Acosta, Pablo Ismael"]
[Result "1/2-1/2"]
[WhiteElo "2564"]
[BlackElo "2432"]
[Annotator "TA"]
[PlyCount "119"]
[EventDate "2018.07.17"]
[EventType "tourn"]
[EventCountry "ARG"]
[SourceTitle "playchess.com"]
[Source "ChessBase"]
[SourceQuality "1"]

{[%evp 19,119,25,49,12,62,36,48,41,53,35,74,77,91,82,103,15,45,31,45,15,43,0,0,-17,22,0,0,0,0,0,41,36,54,37,49,54,59,0,0,0,0,7,9,5,38,26,64,67,166,166,166,166,156,138,188,195,163,20,32,34,64,22,64,8,8,8,8,8,8,8,8,0,0,0,0,0,8,0,0,-8,8,8,47,0,0,0,0,0,0,0,0,0,0,0,0,0,0,0,0,0,0,0]} 1. e4 c5 2. Nf3 a6 3. c4 e6 4. d4 cxd4 5. Nxd4 Qc7 6. Nc3 b6 7. Be2 Bb7 8. O-O Nf6 {A34: Englische Eröffnung (Symmetrische Variante)} 9. Qd3 Nc6 10. Nxc6 Bxc6 {LiveBook: 10 Partien. Weiß hat minimalen Vorteil.} 11. f4 Bc5+ $146 ({Vorgänger:} 11... Qd6 12. Be3 Qxd3 13. Bxd3 Rb8 14. e5 Ng4 15. Bd4 f5 16. exf6 Nxf6 {½-½ (41) Nabaty,T (2610)-Markus,R (2662) Ortisei 2016}) 12. Kh1 h5 13. Be3 d6 14. Rad1 O-O-O 15. a3 Ng4 16. Bg1 g5 17. Qg3 (17. fxg5 $16 {Mit der Idee Lxg4.} Ne5 18. Qd2) 17... gxf4 18. Qxf4 Bxg1 19. Kxg1 Ne5 20. b4 Kb8 21. Qe3 Rhg8 22. c5 dxc5 23. bxc5 {Schwarz muss nun Tb1 beachten.} Rxd1 24. Rxd1 bxc5 25. Rb1+ Ka8 26. Qxc5 {zielt auf Tb6 ab.} Nd7 27. Qc4 $40 {[%mdl 128] Weiss hat was vor.} Qa7+ 28. Kh1 ({Günstiger ist} 28. Kf1 $14 Ne5 29. Qxa6) 28... Ne5 $11 29. Qxa6 Qxa6 30. Bxa6 h4 31. Bf1 Rd8 32. Rb2 Rd4 33. Kg1 Bxe4 (33... Ng4 $14) 34. Nxe4 $18 Rxe4 35. Re2 Rxe2 36. Bxe2 {[%mdl 4096] Endspiel KL-KS} Kb7 37. Kf2 Kb6 {[#]} 38. Ke3 (38. g3 $1 $18) 38... f6 39. Kf4 Ka5 $1 40. Bg4 Ng6+ 41. Ke3 ({Besser ist} 41. Ke4 $1 $14) 41... e5 $1 $11 {[%cal Be6e5,Be5e4][%mdl 32]} 42. Bd1 Ne7 43. Bc2 Kb5 44. Kf3 f5 45. g3 e4+ 46. Kf2 hxg3+ 47. Kxg3 Ng6 48. Bd1 Kc4 {[#] Und ...Kd3 würde nun gewinnen.} 49. a4 Kb4 50. Bh5 Ne7 51. Be8 Nd5 {Die Stellung ist ausgeglichen.} 52. Bc6 f4+ 53. Kg4 f3 54. Kg3 Nf6 55. h4 Kc5 56. Bb5 Kb6 57. Kf4 Kc5 58. Ke3 Kb4 59. Kd4 Ka5 60. Ke3 {Precision: Weiß = 44%, Schwarz = 57%.} 1/2-1/2

[Event "93rd ARG-ch 2018"]
[Site "Laprida"]
[Date "2018.07.18"]
[Round "2"]
[White "Real de Azua, Ernesto"]
[Black "Pierrot, Facundo"]
[Result "1-0"]
[WhiteElo "2496"]
[BlackElo "2389"]
[Annotator "TA"]
[PlyCount "41"]
[EventDate "2018.07.17"]
[EventType "tourn"]
[EventCountry "ARG"]
[SourceTitle "playchess.com"]
[Source "ChessBase"]
[SourceQuality "1"]

{[%evp 23,41,17,40,32,37,47,43,0,94,106,113,70,49,67,249,256,318,323,295,261]} 1. d4 d5 2. c4 e6 3. Nf3 Nf6 4. e3 c5 5. Nc3 cxd4 6. exd4 Bb4 7. cxd5 Nxd5 8. Bd2 Nc6 9. Bd3 Nf6 10. O-O O-O 11. Bg5 Be7 12. a3 h6 {LiveBook: 18 Partien} 13. Bf4 {D42: Damengambit (Verbesserte Tarrasch-Verteidigung)} Bd6 14. Be5 b6 {[#]} 15. Nb5 $146 {Weiß steht etwas besser.} ({Vorgänger:} 15. Re1 Bb7 16. Qe2 Rc8 17. Rad1 Na5 18. Bb1 Re8 19. Bxf6 Qxf6 20. d5 Bf8 {1-0 (38) Guseinov,G (2613)-Mammadov,Z (2442) Baku 2012}) 15... Bxe5 (15... Be7 $11 {bleibt in der Remisbreite.}) 16. dxe5 $16 Nd5 17. Rc1 Qd7 18. Qa4 $36 {[%mdl 2048] Weiss hat Initiative.} Bb7 $2 {[#]} ({Lieber} 18... Nce7 $14) 19. Nd6 $1 $18 Nde7 20. Be4 Rac8 21. Rfd1 ({Finger weg von} 21. Nxc8 Rxc8 22. Rfd1 Nd5 $18) 1-0

[Event "93rd ARG-ch 2018"]
[Site "Laprida"]
[Date "2018.07.18"]
[Round "2"]
[White "Sosa, Tomas"]
[Black "Benedetti, Julio"]
[Result "1/2-1/2"]
[WhiteElo "2467"]
[BlackElo "2364"]
[Annotator "TA"]
[PlyCount "41"]
[EventDate "2018.07.17"]
[EventType "tourn"]
[EventCountry "ARG"]
[SourceTitle "playchess.com"]
[Source "ChessBase"]
[SourceQuality "1"]

{[%evp 22,41,100,37,43,-57,-61,-52,-58,-72,114,0,0,0,0,-104,-45,-52,-46,-46,0,0]} 1. e4 c5 2. Nf3 d6 3. d4 cxd4 4. Nxd4 Nf6 5. Nc3 g6 6. Be3 Bg7 7. f3 Nc6 8. Qd2 O-O 9. O-O-O Bd7 10. Kb1 Rc8 11. h4 {B76: Sicilian Dragon: Yugoslav Attack, 9 g4 and 9 0-0-0} (11. g4 Ne5 12. Be2 b5 13. h4 b4 14. Nd5 Nxd5 15. exd5 Rc5 16. Nb3 Nc4 17. Bxc4 Rxc4 18. Bh6 Bxh6 19. Qxh6 e5 {1-0 (79) Aveskulov,V (2544)-Le,Q (2583) Beijing 2008}) 11... Ne5 {[#]} 12. h5 {LiveBook: 3 Games} (12. g4 $1 $16) 12... Nxh5 $14 13. Bh6 (13. Qe1 $14) 13... Bxh6 $1 $15 14. Qxh6 {[#]} Rxc3 $1 {[%mdl 512]} 15. bxc3 Qa5 $2 {[#]} (15... Qb6+ $17 {keeps the pressure on.} 16. Ka1 Qa5) 16. g4 $146 (16. Rxh5 $1 $16 gxh5 17. Qg5+ Kh8 18. Qxe7) ({Predecessor:} 16. Rxh5 Qb6+ 17. Nb3 gxh5 18. Qg5+ Ng6 {1-0 (37) Arakhamia Grant,K (2410)-Berry,N (2257) Edinburgh 2002}) 16... Nf6 $11 17. g5 $36 {[%mdl 2048] White has the initiative.} Nh5 18. Be2 (18. Rxh5 $1 $11 {remains equal.} gxh5 19. Qxh5 Qxc3 20. Be2) 18... Qxc3 (18... Rc8 $17 19. Rxh5 (19. f4 Nc4 $15) 19... gxh5) 19. Rxh5 $1 $15 gxh5 20. Qxh5 Rc8 21. Rh1 $1 {Precision: White = 37%, Black = 32%.} 1/2-1/2

[Event "93rd ARG-ch 2018"]
[Site "Laprida"]
[Date "2018.07.18"]
[Round "2"]
[White "Lorenzini, Martin"]
[Black "Peralta, Fernando"]
[Result "1/2-1/2"]
[WhiteElo "2423"]
[BlackElo "2563"]
[Annotator "TA"]
[PlyCount "59"]
[EventDate "2018.07.17"]
[EventType "tourn"]
[EventCountry "ARG"]
[SourceTitle "playchess.com"]
[Source "ChessBase"]
[SourceQuality "1"]

{[%evp 17,59,14,12,18,11,0,18,10,4,-4,-4,5,-7,-4,-1,-3,-10,-10,-1,-20,-22,-22,-15,-19,-8,-9,-7,-10,-1,-2,-2,-4,-6,-6,-13,-10,-13,-16,0,0,0,0,0,-19]} 1. e4 c6 2. Nc3 d5 3. Nf3 Bg4 4. h3 Bxf3 5. Qxf3 Nf6 6. Be2 e6 {B11: Caro-Kann: Two Knights Variation} 7. O-O Bc5 (7... Qb6 8. d3 Nbd7 9. Qf4 d4 10. Nb1 Qc5 11. Bd1 Bd6 12. Qg5 Qxg5 13. Bxg5 h6 14. Bc1 {1-0 (72) Fedoseev,V (2718)-Kasimdzhanov,R (2683) Riadh 2017}) 8. d3 Nbd7 9. Qg3 O-O {LiveBook: 6 Games. The position is equal.} 10. Bf4 Ne8 11. Bf3 $146 ({Predecessor:} 11. Rad1 Bd4 12. Bf3 Qf6 13. Ne2 Be5 14. d4 Bxf4 15. Nxf4 dxe4 16. Bxe4 {½-½ (27) Ziaziulkina,N (2363)-Muzychuk,M (2540) Stary Smokovec 2018}) 11... Bb6 12. Rad1 {[%cal Re4d5]} Bc7 13. Bxc7 Qxc7 14. Qxc7 Nxc7 15. d4 f5 16. exf5 exf5 17. Rfe1 Rae8 (17... Rfe8 {with more complications.} 18. Ne2 a5 19. a4 Kf7 20. g3 g6) 18. Rxe8 Rxe8 19. Kf1 Kf7 20. Ne2 Nb5 21. Nf4 Nd6 22. Be2 a5 23. a4 g6 24. h4 h6 {[%cal Bh7h6,Bh6g5][%mdl 32]} 25. Bd3 g5 26. hxg5 $1 hxg5 27. Ne2 f4 28. f3 Rh8 29. Kf2 Kf6 30. g3 {Precision: White = 67%, Black = 59%.} 1/2-1/2

[Event "93rd ARG-ch 2018"]
[Site "Laprida"]
[Date "2018.07.18"]
[Round "2"]
[White "Paveto, Kevin"]
[Black "Perez Ponsa, Federico"]
[Result "1/2-1/2"]
[WhiteElo "2416"]
[BlackElo "2547"]
[Annotator "TA"]
[PlyCount "53"]
[EventDate "2018.07.17"]
[EventType "tourn"]
[EventCountry "ARG"]
[SourceTitle "playchess.com"]
[Source "ChessBase"]
[SourceQuality "1"]

{[%evp 13,53,0,10,22,2,0,4,-49,-50,-72,-35,-39,-26,-26,-26,-46,-48,-52,-62,-44,-29,-42,0,0,0,0,12,10,0,-21,0,0,16,13,13,13,13,11,16,0,12,0]} 1. e4 c6 2. d4 d5 3. e5 c5 4. c4 cxd4 5. Ne2 Nc6 6. Nxd4 {B12: Caro-Kann: Advance Variation} e6 7. Nc3 Bb4 {LiveBook: 36 Games} 8. cxd5 Qxd5 9. Nxc6 bxc6 10. Bd2 $146 (10. Qxd5 $11 exd5 11. Be3) ({Predecessor:} 10. Qe2 Ne7 11. Bd2 Bxc3 12. Bxc3 a5 13. Rd1 Qxa2 {½-½ (79) Adams,M (2744)-Jobava,B (2668) Reykjavik 2015}) 10... Qxe5+ $15 11. Be2 Ne7 (11... Ba6 $5) 12. Qa4 Qd4 {[#] aiming for ...Bxc3.} 13. Qc2 O-O 14. a3 Ba5 15. Rd1 Nf5 16. O-O Qh4 17. Qa4 Bxc3 (17... Qxa4 {looks sharper.} 18. Nxa4 Nd4 19. Bd3 Bxd2 20. Rxd2 Rd8) 18. Qxh4 {The position is equal.} Nxh4 19. Bxc3 c5 20. g3 Nf5 21. Bg4 Ba6 22. Rfe1 Rad8 23. Rxd8 Rxd8 24. Bxf5 exf5 25. Ba5 Ra8 26. Rd1 h6 27. Rd8+ {Precision: White = 55%, Black = 48%.} 1/2-1/2

[Event "93rd ARG-ch 2018"]
[Site "Laprida"]
[Date "2018.07.18"]
[Round "2"]
[White "Slipak, Sergio"]
[Black "Villanueva, Mario Nicolas"]
[Result "1/2-1/2"]
[WhiteElo "2411"]
[BlackElo "2481"]
[Annotator "TA"]
[PlyCount "31"]
[EventDate "2018.07.17"]
[EventType "tourn"]
[EventCountry "ARG"]
[SourceTitle "playchess.com"]
[Source "ChessBase"]
[SourceQuality "1"]

{[%evp 18,25,6,10,14,21,17,10,18,16]} 1. d4 d5 2. c4 e6 3. Nf3 Nf6 4. g3 Be7 5. Bg2 O-O 6. O-O dxc4 7. Qc2 b6 {E05: Open Catalan: 5 Nf3 Be7} (7... c6 8. Qxc4 b5 9. Qc2 Bb7 10. Nc3 Nbd7 11. Rd1 Qb6 12. Ne5 Rfd8 13. Be3 Nd5 14. Nxd5 cxd5 15. Rac1 Rac8 16. Qd3 b4 17. Rxc8 Bxc8 {½-½ (41) So,W (2799)-Mamedyarov,S (2809) Berlin 2018}) 8. Qxc4 Bb7 9. Nc3 c5 10. Rd1 {LiveBook: 11 Games. The position is equal.} cxd4 11. Nxd4 Bxg2 12. Kxg2 Qc8 13. Qxc8 {Predecessor:} Rxc8 $146 14. e4 Bb4 15. Nde2 Nc6 16. Bf4 {½-½ (28) Gallana,M (2131)-Basso,P (2051) Venice 2011} 1/2-1/2